[Event "Linares 27th"]
[Site "Linares"]
[Date "2010.02.14"]
[Round "2"]
[White "Topalov, Veselin"]
[Black "Gashimov, Vugar"]
[Result "1-0"]
[WhiteElo "2805"]
[BlackElo "2759"]
[EventDate "2010.02.13"]
[Annotator "Ftacnik"]
[PlyCount "95"]
[EventType "tourn"]
[EventRounds "10"]
[EventCountry "ESP"]
[EventCategory "21"]
[Source "ChessBase"]
[SourceDate "2010.03.17"]

1. d4 d5 2. c4 c6 3. Nf3 Nf6 4. e3 a6 5. Qc2 g6 6. Bd3 Bg7 7. O-O O-O 8. 
Nbd2 Nbd7 9. cxd5 {Topalov is very well prepared and this might be true 
even for the lesser opening lines. White is swapping the pawns on d5 in 
the conviction, that the black knight on d7 is seriously misplaced.} ( 9. 
b3 e5 ( 9. ... c5 10. Bb2 b6 11. Rfd1 Bb7 12. Rac1 ( 12. e4 dxe4 13. Nxe4 
Nxe4 14. Bxe4 Bxe4 15. Qxe4 e6 16. Rd2 Qc7 =, quiet ) 12. ... e6 13. Be2 
Qe7 14. dxc5 bxc5 15. Ne5 Rac8 ( 15. ... Nxe5 16. Bxe5 Rac8 ) 16. Bf3 ( 
16. Nxd7 Nxd7 ( 16. ... Qxd7 17. cxd5 exd5 18. Ba3 +/- ) 17. Bxg7 Kxg7 18.
 Nf3 =, quiet ) 16. ... Rfd8 17. Nxd7 Qxd7 18. Be5 Qe7 19. Bc3?! d4 20. 
exd4 cxd4 21. Ba5 Re8 22. Bxb7 Qxb7 23. c5 {1-0 Goldin,A (2621)-Mulyar,M 
(2446)/Seattle 2003 (61)} ) 10. Nxe5 ( 10. dxe5 Ng4 11. Ba3 Re8 12. cxd5 
cxd5 13. Bb2 Ndxe5 14. Bd4 Nxd3 15. Qxd3 Bf5 16. Qc3 Rc8 17. Qb4 Qe7 18. 
Qxe7 Rxe7 19. Bxg7 Kxg7 20. h3 Nf6 21. Rfc1 Rec7 22. Rxc7 Rxc7 {1/2-1/2 
Barlov,D (2500) -Simic,R (2495)/Kladovo 1994 (61)} ) 10. ... Nxe5 11. dxe5
Ng4 12. Nf3 Nxe5 13. Nxe5 Bxe5 14. Bb2 Bxb2 15. Qxb2 {1/2-1/2 Kosic,D 
(2537)-Kobalia,M (2602)/Neum 2002} ) 9. ... cxd5 10. b3 Nb8 ( 10. ... Re8 
11. Bb2 Nb8 12. Ne5 Nfd7 13. Ndf3 Nxe5 14. Nxe5 f6 15. Nf3 Nc6 16. a3 Bg4 
17. Be2 Rc8 18. Qd1 e5 19. h3 Be6 20. Rc1 e4 21. Nd2 f5 22. b4 {1-0 
Vavra,P (2192)-Fuksik,J (2211)/Czechia 2004 (73)} ) ( 10. ... b6 11. Ba3 
Bb7 12. Rac1 Rc8 13. Qb1 Re8 14. h3 Rxc1 15. Rxc1 Qb8 16. Rc2 e6 17. Qf1 
Rc8 18. Ne1 Rxc2 19. Nxc2 Qc8 20. f3 h5 21. Bb2 Ne8 {1/2-1/2 Czakon, J 
(2416)-Stopa,J (2308)/Legnica 2004 (29)} ) 11. Ba3 ( 11. Ne5 Nfd7 ) 
11. ... Nc6 12. Rac1 Be6 {Gashimov is doing a great job with improving his
pieces. The bishop on e6 has found a temporary respite in order to bring 
out the rook to the c8-square.} ( 12. ... Bg4 13. h3 += ) 13. Qb2 Re8 14. 
h3 Rc8 15. Rc2 Bf5!? {The strategy of exchanging the mighty bishop on d3 
comes at a cost. The black pawn structure will never be perfect again.} 
16. Bxf5 gxf5 17. Ne1?! {The Bulgarian star played very interesting chess 
in Linares, but it was not always a smooth performance. The transfer of 
the knight seems to be highly artificial.} ( 17. Rfc1!? Nd7 ( 17. ... Ne4 
18. Ne5 += ) 18. Qc3 e6 19. Qd3 += ) 17. ... Ne4 {Gashimov is preparing 
the counterplay in the centre, but the immediate snub of White's pawn 
structure was even stronger.} ( 17. ... f4! 18. Nd3 ( 18. exf4 Nh5 ) 
18. ... Nh5 19. Nf3 fxe3 20. fxe3 Ng3 =, quiet ) 18. Nd3 e5 19. Nxe4 dxe4 
( 19. ... fxe4 20. Nxe5 Nxe5 21. dxe5 Bxe5 22. Rxc8 Qxc8 23. Qd2 Qe6 24. 
Bb2 += ) 20. Nxe5 Nxe5 21. dxe5 Rxc2 ( 21. ... Bxe5 22. Rxc8 Qxc8 23. Qe2 
f4 24. exf4 Bxf4 25. Bb2 Qe6 =, quiet ) 22. Qxc2 Qa5 {The position is 
practically equal, but it does not mean the players can not try to play 
on.} ( 22. ... Bxe5 23. Rd1 Qc8 24. Qd2 Bf6 =, quiet ) 23. Bd6 Bxe5 24. b4
Qd8 ( 24. ... Qb5 25. Rd1 Rd8 26. Bxe5 Rxd1+ 27. Qxd1 Qxe5 28. Qd8+ Kg7 
29. Qg5+ Kf8 30. g3 += ) 25. Bxe5 Rxe5 26. Rc1 Rd5 27. a4 b5 {Black was 
not a favourite in this game and even a super grandmaster can become 
nervous about proving clear equality.} ( 27. ... Kg7 28. Qc7 Qxc7 29. Rxc7
b5 30. Ra7 Rd1+ 31. Kh2 Rb1 32. Rxa6 Rxb4 =, quiet ) 28. axb5 Rxb5 ( 
28. ... axb5 29. Qc6 Kg7 += ) 29. Qa4 Qd6 30. Qa1! {Topalov might not be 
the perfect player, but he is definitely a fighter. In a simple position 
Black suddenly has to worry about preventing mate.} 30. ... Qe5 ( 30. ... 
Qe6 31. Rd1 Qb6 32. Qc3 Rxb4 33. Qc8+ Kg7 34. Rd8 ( 34. Qxf5 Rb1 ) 34. ...
 Rb1+ 35. Kh2 Qe6 36. Rg8+ Kf6 37. Qf8 +/- ) 31. Qxa6 Rxb4 32. Qh6 Rb8 33.
 g3 Qe6 34. Qf4 Rc8 35. Rd1 Rc6? {Time trouble combined with an opponent's
pressure have managed to send numerous games down the drain. Black was 
wrong to leave the 8th rank unprotected.} ( 35. ... f6 36. Rd6 Qe5 37. 
Qxe5 fxe5 38. Rf6 Rf8 39. Re6 Kg7 40. Rxe5 Kf6 41. Rd5 += ) 36. Rd8+ {
Chapter Five:

Sense  -  page 83


Many amateurs believe that becoming a master is all about what you know.
Masters know more technical chess information, like extensive opening
analysis, exact endgames, and the like.
That's an excuse. You can say, "If only I had the time to study and digest
that
mass of information, I ' d make master, too. I'd know what a master 
knows." But
a master also has an edge over you because of what he senses. That's much
harder to acquire.
For example, a master has a better sense of danger. Giving a simultaneous
exhibition he will quickly make luft in one game as he moves on to the 
next
board. It's not because of what he knows or what he calculated. It's 
simply his
sense that this was the right time to play h2-h3.} 36. ... Kg7 D {If an 
amateur is presented with this position, he might search for a forced
mate and start by looking at 37 Qb8.
A master would certainly consider it. But once he saw that there's no 
quick
win he'd be attracted to} 37. Kg2! {When White annotated this game he 
explained
that it was the kind of useful move that a master plays automatically.
How is it useful? It protects the h-pawn, the only potential target for 
Black.
It also eliminates the only tactical dangers, such as a first-rank problem
after
. . . Rc1 + followed by . . . Qc4-f1 ( + ).
A master also has a better sense of when his opponent is running out of 
good
moves. Here Black's pieces are as well placed defensively as they are 
going to
be. Therefore 37. Kg2 ! may force him to weaken his defenses.} ( 37. Qg5+
!? Qg6 38. Qf4 Qe6 ) 37. ... h6? ( 37. ... Rb6 38. Qc7 +/- ) ( 37. ... f6
!? 38. Qb8 Rc1 39. Qb7+ Kg6 += ) 38. Qb8 Qf6 39. Rd5? {A serious blot on 
an interesting game, White misses a simple and convincing winning pattern.
} ( 39. Rh8! {We call this a sense of danger but we could also call it a 
feeling or an
awareness. You can't always be certain that playing a particular move is 
risky.
But a master develops a feeling for which positions are too risky to be 
worth
playing.
"You think 'Such and such a move can't be played, it is too scary for a
human' ", is the way Garry Kasparov put it. "A human can't defend such a
position in a real game !''
There are other senses that give a master an edge, even against computers.
In an endgame, a machine has no way but calculation to determine whether 
it is
close to imposing zugzwang. A master can sense when he's getting close to 
it.
But the most important master sense is of timing. A master not only has a
better feel for what to do in a position but how urgently it must be done.
This
tells him what kinds of candidate moves he should be looking at: Sharp and
tactical? Or slow and strategic?
It also tells him how much calculation he should be doing. Without that
sense, a player may end up wasting time and energy, looking too long at 
too
many moves that are wrong for the position.
Most of all this sense tells him who time favors. If you're an experienced
player, you already have some sense of that. You know, for example, that
urgency is demanded when you've made a sacrifice.} 39. ... Kg6 40. Qf8! 
Kg5 41. Rg8+ Kh5 42. Qa8 Ra6 43. Qb8 Rd6 44. Qc7 Qe6 45. Qc2 +- ) 39. ... 
Re6 40. h4 h5? {Time is the enemy of both heroes in our game, Gashimov is 
missing the last chance to limit the damage.} ( 40. ... f4!? 41. Qxf4 ( 
41. exf4 e3 42. fxe3 Rxe3 43. Qb4 Qa1 += ) 41. ... Qxf4 42. gxf4 +/- ) 41.
 Rd8! {White is not ready to let the golden chance slip away for the 
second time.} 41. ... Kh7 42. Rg8 f4 ( 42. ... Rd6 43. Qf8 Rd7 44. Rg5 +- 
) 43. gxf4 ( 43. Rg5 f3+ 44. Kh3 +- ) 43. ... Qxh4 ( 43. ... Rc6 44. Rg5 
+- ) 44. Rh8+ Kg6 45. Qg8+ Kf6 46. Qd8+ Re7 47. Rh6+ Kf5 ( 47. ... Kg7 48.
 Qh8# ) 48. Qd5+ {The sad finish to the game for Black as the win is now 
trivial.} ( 48. Qd5+ Kg4 49. f3+ exf3+ 50. Qxf3+ Kf5 51. Rxh5+ +- ) 1-0

[Event "FIDE-Wch k.o."]
[Site "Groningen NED"]
[Date "1997.12.12"]
[Round "2.2"]
[White "Anand, Viswanathan"]
[Black "Nikolic, Predrag"]
[Result "1-0"]
[WhiteElo "2765"]
[BlackElo "2630"]
[EventDate "1997.12.09"]
[Annotator "Anand"]
[EventType "k.o."]
[EventRounds "7"]
[EventCountry "NED"]
[Source "ChessBase"]
[SourceDate "1998.04.09"]

1. e4 e6 2. d4 d5 3. Nc3 Bb4 4. e5 c5 5. a3 Bxc3+ 6. bxc3 Qa5 7. Bd2 Qa4 
8. Qg4! g6 ( 8. ... Kf8 9. Qd1 Nc6 10. Nf3 += ) 9. Qd1! ( 9. Ra2 {RR} 
9. ... Nc6 10. Nf3 Nge7 11. Bd3 ( 11. Qf4 cxd4 12. Ng5 Nf5 13. g4 h6 14. 
Nxf7 g5 15. Qf3 Rf8 16. gxf5 Rxf7 {0-1 Porrasmaa,T-Kekki,J/FIN-chT 
1986/EXT 86ch2 (31)} ) 11. ... Nf5 12. Qf4 h6 13. h4 Bd7 14. g4 Nfe7 15. 
dxc5 Qxf4 16. Bxf4 h5 17. Nh2 hxg4 18. Nxg4 Nf5 19. Nf6+ Kd8 20. Bxf5 gxf5
21. h5 {1-0 Hazai,L-Kekki,J/Espoo 1987/EXT 87b (24)} ) 9. ... cxd4 ( 
9. ... Nc6 {RR} 10. Nf3 b6 {0-1 Renttinen,J-Kekki,J/Kuopio op 1992/ EXT 
92op (34)} ) 10. Rb1! d3 ( 10. ... Qxa3 11. cxd4 =/& {/\ Bb4~/= ><h6,f6 ^^
} ) 11. Bxd3! ( 11. cxd3 Qxd1+ 12. Kxd1 += ) 11. ... Qxa3 12. Nf3 =/& Qc5 
13. h4! h6 14. O-O Nd7 15. Re1 a6 D {White has the better development but 
Black has an extra pawn. That alone
suggests that time is on Black's side. If he's allowed to coordinate his 
forces, say
with . . . Qc7, . . . Ne7-c6, . . . Nc5 , . . . .Bd7 and . . . 0-0-0, he 
will have a big, perhaps
decisive edge.
With that in mind} ( 15. ... Ne7 16. Qc1! â†’ ) 16. c4!? ( 16. Nd4 b5 17. 
h5 =/& ) 16. ... dxc4 17. Be4 {was right. White gave up
a second pawn to create threats ( Bxb7), energize his pieces (Bb4-d6) and 
make
it difficult for Black to castle into safety.
Black was able to stop .b4 with} 17. ... c3 {But that was a stopgap 
measure
because after } ( 17. ... Ne7? 18. Bb4 +/- ) 18. Be3 {White was bound to 
regain one of the pawns and also open
up the c-file for his rook, with Bd4 and Re3xc3 .} 18. ... Qc4 19. Bd4 ( 
19. Bxb7 Bxb7 20. Rxb7 Rd8 ) 19. ... Nc5 20. Re3?! {Thanks to 16 c4 ! , 
White has made almost all of the progress since the previous
diagram. Understandably, Black decided to get rid of one of White's 
bishops,} ( 20. Bxc5! Qxc5 21. Rb3 Bd7 22. Re3 Bb5 23. Rexc3 Qb6 24. Rd3 
Qc7 25. c4 Bc6 26. Bxc6+ Qxc6 27. Nd2 Ne7 28. Rd6 Qc7 29. Ne4 +- ) 20. ...
 Nxe4 21. Rxe4 Bd7 {It doesn't take a master's sense to realize that
White needs to keep making threats to prevent Black from consolidating. 
That
led him to} ( 21. ... Ne7? 22. Bb6 +- ) 22. Re3! Ne7 23. Rxc3 Qd5 24. Rc5!
Qe4 25. Rc7 =/& b5 ( {White is preparing Bc5, uncovering an attack on the 
d7-bishop, and a
possible Exchange sacrifice. He would win outright after} 25. ... Bc6? 26.
 Rxe7+! Kxe7 27. Bc5+ Ke8 28. Qd6 +- ) 26. Bc5?! D Nd5? ( {Black can still
defend, with} 26. ... Qd5 â–¡ 27. Qe1 Rc8! 28. Rxc8+ ( {and the outcome 
would
be unclear after} 28. Qa5 ) 28. ... Nxc8 29. Bb4 {/\ Rd1~/=} ) 27. Rxd7! (
27. Rb4? {RR} 27. ... Qxb4 28. Bxb4 Nxc7 29. Qd6 Nd5 ~ ) 27. ... Kxd7 28. 
Rb4 +- {This is the simplest kind of timing to appreciate. Time was 
Black's ally, and if White hadn't offered a second pawn ( I c4! ) he would
have lost in routine
fashion. He likely would have lost if he had played quiet moves at any
subsequent turn.
This is Morphy chess. But you need to know more than Morphy to make
master.} 28. ... Qxb4 ( 28. ... Qf5 29. g4 ) 29. Bxb4 Rhc8 30. Bd6 Rc4 31.
 Nd2 Rd4 32. c3 Rd3 33. c4 Rxd2 34. Qxd2 bxc4 35. Qxh6 1-0

[Event "EU Team Ch (Men) 01st"]
[Site "Vienna AUT"]
[Date "1957.08.22"]
[Round "1.1"]
[White "Smyslov, Vasily"]
[Black "Filip, Miroslav"]
[Result "1-0"]
[WhiteElo "2686"]
[BlackElo "2567"]
[EventDate "1957.08.22"]
[PlyCount "77"]
[EventType "team"]
[EventRounds "6"]
[EventCountry "AUT"]
[Source "ChessBase"]
[SourceDate "1999.07.01"]
[WhiteTeam "Soviet Union"]
[BlackTeam "Czechoslovakia"]
[WhiteTeamCountry "URS"]
[BlackTeamCountry "CSR"]

{Prophylaxis = Time Saved


Masters make all sorts of mysterious, aggressive moves in sharp positions.
But some of the most mysterious don't seem to do anything. In a Sicilian
Defense, when time seems to be a high priority, a master may spend a tempo
to
shift the White king from g I to h I . Or, if castled queenside, from c I 
to b l .} 
1. d4 Nf6 2. c4 c5 3. d5 e6 4. Nc3 exd5 5. cxd5 d6 6. e4 g6 7. Nf3 Bg7 8. 
Be2 O-O 9. O-O Bg4 10. h3 Bxf3 11. Bxf3 a6 12. Bf4 {He does it to 
anticipate counterplay. Anticipating future threats is usually
better than responding to immediate threats.} 12. ... Ne8 D {This is one 
of the games that made Vasily Smyslov famous. Great attention
was paid to the stunning pawn sacrifices that ripped apart Black's 
kingside and
the deft strokes that led to mate.
But that was much later. To enjoy the liberty of attack, White first had 
to
secure the queenside, the home of most of Black's play. He began with} 13.
 a4! Nd7 14. Be2! {to discourage . . . b5 as well as . . . c4/ . . .Nc5

Black persisted with the . . . c 4 idea and chose} 14. ... Qc7 15. Rc1 Rb8
16. b3! D {So far White has pushed two pawns, retreated a bishop and 
placed his rook
on a file that is unlikely to be opened. Yet he's made progress by denying
Black
his best chances for counterplay

Black wasn't done. He took aim at the e-pawn with his unused pieces,} 
16. ... Nef6 17. Qc2 Rfe8 18. Bh2 h6 {it was evident he had run out of 
counterplay ideas. But
White still wasn't ready to go on the offensive with 19 f4.
He wanted to eliminate . . . .Bd4+ and also to delay . . . Qa5 . So he 
invested a
tempo on} 19. Kh1 {yet another prophylactic move.} 19. ... Nh7 {For the 
first time in the game, White had to calculate. He concluded that} 20. f4!
{was sound

Black accepted the pawn in a different way} 20. ... f5 ( 20. ... Bxc3 21. 
Qxc3 Rxe4 22. Bd3 Re3 23. Qd2 {gives him plenty of
compensation. Understanding 'comp' is another master trait and we'll 
explore it
in Chapter Eight.
} ) 21. Bf3! Bxc3 22. Qxc3 fxe4 23. Bg4 Nhf6 24. Be6+ Kh7 {A pawn storm is
usually the slowest form of attack. But in the absence of
counterplay, White felt it would succeed. It worked perfectly} 25. h4! Rg8
26. g4! {Prophylactic moves, like 1 a4, 2 Be2, 3 Rc1 , 4 b3 and 7 Kh1 , 
sometime
seem like a waste of time. But by killing counterplay they ultimately gain
time
for later. They gave White a free hand to finish the attack.
Note that 8 f4 was the turning point in the game. Recognizing those
moments is another ability that marks a master.} 26. ... h5 27. g5 Ng4 28.
 f5 Rgf8 29. fxg6+ Kxg6 30. Bxg4 hxg4 31. h5+ Kxh5 32. Qg7 g3 33. Bxg3 Kg4
34. Rg1 Rh8+ 35. Bh2+ Kh4 36. Rcf1 Rbg8 37. Rf4+ Kh5 38. Qf7+ Rg6 39. Qf5 
{Prophylactic moves, like 13 a4, 14 Be2, Rc1 ,  b3 and  19 Kh1 , sometime 
seem like a waste of time. But by killing counterplay they ultimately gain
time
for later. They gave White a free hand to finish the attack.
Note that 20 f4 was the turning point in the game. Recognizing those
moments is another ability that marks a master.} 1-0

[Event "EU Team Ch (Men) 05th"]
[Site "Bath ENG"]
[Date "1973.07.10"]
[Round "5.1"]
[White "Hug, Werner"]
[Black "Spassky, Boris V"]
[Result "0-1"]
[WhiteElo "2440"]
[BlackElo "2655"]
[EventDate "1973.07.06"]
[PlyCount "60"]
[EventRounds "7"]
[EventCountry "ENG"]
[Source "ChessBase"]
[SourceDate "1999.07.01"]
[WhiteTeam "Switzerland"]
[BlackTeam "Soviet Union"]
[WhiteTeamCountry "SUI"]
[BlackTeamCountry "URS"]

{Critical Positions

Reflecting on his long career, Boris Spassky said the greatest superiority
he
enjoyed over his rivals was a particular sense of timing: He had an 
uncanny
feeling for when to mix it up, when to increase tension, when to force 
matters.
"I was the king of critical positions," he said.} 
1. Nf3 d5 2. g3 c6 3. Bg2 Bf5 4. O-O Nf6 5. d3 e6 6. Nbd2 Be7 7. Qe1 h6 8.
 e4 Bh7 9. Qe2 O-O 10. b3 a5 11. a3 c5 12. a4 Nc6 13. Bb2 Re8 14. Ne5 Nd4 
15. Qd1 Qc7 16. Nef3 dxe4 17. dxe4 Red8 18. Re1 D {
Black seems to have an edge thanks to the knight at d4. White is reluctant
to
capture it because after . . . cxd4, the c2-pawn becomes a target. But 
until White
solves the knight problem, he can't move his queen to a good square and
connect rooks.
Therefore, time should favor Black. He can make more useful moves -
'plus-moves' like . . . Rd7 or . . .Rac8 - than White.
Nevertheless, Spassky felt this was the right time for} 18. ... Nxf3+! 19.
 Bxf3 {The reason is that this gives him a chance to force a more 
favorable pawn
structure with} 19. ... c4! {The threat i s 20. . . c3 . A bit of 
calculation reveals that the defense 21 Re3 is as faulty as it looks.} 20.
 bxc4 ( 20. Re3 Bc5 21. Re2 c3! 22. Bxc3 Bxf2+ 23. Kxf2 Qxc3 ) 20. ... Bb4
! 21. c3 Be7 22. Qe2 ( {The point of Black's play was to create a glaring 
hole at d3 and a target at
a4. He can exploit the hole with . . . Nd7-e5-d3 and the target with . . .
Nd7-c5.
He can also exert pressure on the open file, e.g.} 22. Ba3 Bxa3 23. Rxa3 
Rd3 {And if nothing else, he can regain a pawn favorably with
... Nd7-e5xc4.} ) 22. ... Nd7 23. Nb3 Ne5 {White saw that the c4-pawn was 
lost and tried to make the best of it with} 24. c5 Bxc5 25. Nxc5? Rd2! {
Sensing when a position is critical frees a master to look for more 
candidate
moves than he typically would. Normally, a master examines fewer 
candidates
than non-masters. His intuition limits his search by pointing out the one 
or two
moves that are likely to be best.
But his intuition is trumped by his sense that the position demands
something more, a game-changing move, a big move} 26. Nd3 Rxe2 27. Bxe2 
Nc4 28. Bf1 Qc6 29. Bc1 Bxe4 30. Nc5 Bd5 0-1